书目信息 |
| 题名: |
现代新儒学的走向
|
|
| 作者: | 宋志明 著 | |
| 分册: | ||
| 出版信息: | 北京 北京师范大学出版社 2009 |
|
| 页数: | 302页 | |
| 开本: | 24cm | |
| 丛书名: | ||
| 单 册: | ||
| 中图分类: | B244.05 | |
| 科图分类: | ||
| 主题词: | 新儒学--研究 , 新儒学 | |
| 电子资源: | ||
| ISBN: | 978-7-303-09827-9 | |
| 000 | 00817nam0 2200241 45 | |
| 001 | 1029885050 | |
| 005 | 20100428141732.46 | |
| 010 | @a978-7-303-09827-9@dCNY36.00 | |
| 100 | @a20100419d2009 em y0chiy50 ea | |
| 101 | 0 | @achi |
| 102 | @aCN@b110000 | |
| 105 | @ay z 000yy | |
| 106 | @ar | |
| 200 | 1 | @a现代新儒学的走向@AXian Dai Xin Ru Xue De Zou Xiang@f宋志明著@FSong Zhi Ming Zhu |
| 210 | @a北京@c北京师范大学出版社@d2009 | |
| 215 | @a302页@d24cm | |
| 330 | @a本书在弄清楚每一位现代新儒家主要人物的思想状况的基础上,捕捉他们提出的具有普遍性的问题意识,并且针对这些问题提出作者自己的看法,形成超越现代新儒家的新结论。 | |
| 606 | 0 | @a新儒学@x研究 |
| 606 | 0 | @a新儒学 |
| 690 | @aB244.05@v4 | |
| 701 | 0 | @a宋志明@ASong Zhi Ming@4著 |
| 801 | 0 | @aCN@bTANGWEI@c20100428 |
| 905 | @b0593703-07@dB244.05@e44@f5 | |
| 现代新儒学的走向/宋志明著.-北京:北京师范大学出版社,2009 |
| 302页;24cm |
| ISBN 978-7-303-09827-9:CNY36.00 |
| 本书在弄清楚每一位现代新儒家主要人物的思想状况的基础上,捕捉他们提出的具有普遍性的问题意识,并且针对这些问题提出作者自己的看法,形成超越现代新儒家的新结论。 |
| ● |
| 相关链接 |
|
|
|
|
正题名:现代新儒学的走向
索取号:B244.05/44
 
预约/预借
| 序号 | 登录号 | 条形码 | 馆藏地/架位号 | 状态 | 备注 |
| 1 | 0593703 | 205937030 | 第一样本阅览室/ [索取号:B244.05/44] | 在馆 | |
| 2 | 0593704 | 205937049 | 第一借阅区/ [索取号:B244.05/44] | 在馆 | |
| 3 | 0593705 | 205937058 | 第一借阅区/ [索取号:B244.05/44] | 在馆 | |
| 4 | 0593706 | 205937067 | 第一借阅区/ [索取号:B244.05/44] | 在馆 | |
| 5 | 0593707 | 205937076 | 第一借阅区/ [索取号:B244.05/44] | 在馆 |